Hodnocení výkonnosti počítačových systémů : vysokoškolská příručka pro vysoké školy technického směru /

Hlavní autor: Rukovanský, Imrich, 1942-
Jazyk: Čeština
Vydáno: Praha : Státní nakladatelství technické literatury, 1989
Vydání: 1. vyd.
Témata:
Externí odkaz: Digitalizovaný dokument
Fyzický popis: 191 s.
Knihy
Uloženo v:
LEADER 01180nam a22002892a 4500
001 000220249
003 CZ BrMZK
005 20060731124805.0
007 ta
008 970103s1989 xr f cze d
015 |a cnb000047711 
020 |a 80-03-00057-2 
035 |a (OCoLC)39427745 
040 |a BOA001  |b cze 
080 |a 681.324  |2 MRF 
100 1 |a Rukovanský, Imrich,  |d 1942-  |7 jk01103045  |4 aut 
245 1 0 |a Hodnocení výkonnosti počítačových systémů :  |b vysokoškolská příručka pro vysoké školy technického směru /  |c Imrich Rukovanský 
250 |a 1. vyd. 
260 |a Praha :  |b Státní nakladatelství technické literatury,  |c 1989 
300 |a 191 s. 
504 |a Obsahuje bibliografii 
856 4 1 |u http://www.digitalniknihovna.cz/mzk/uuid/uuid:2e6c7070-74fe-11e2-86a5-005056827e52  |y Digitalizovaný dokument  |x NDK 
910 |a BOA001  |b TK-0240.493  |b 2-0941.629 
964 |a Systémy počítačové - učebnice - školy vysoké 
990 |a BK 
996 7 |b 2619338013  |c 2-0941.629  |l MZK  |r Sklad / do 1 hodiny  |n 0  |w 000220249  |u 000020  |a 1  |e BOA001  |j MZK50  |s A 
996 7 |b 2629995142  |c TK-0240.493  |l MZK  |r Sklad / do 24 hodin  |n 0  |w 000220249  |u 000010  |a 1  |e BOA001  |j MZK50  |s A